Euro D-Mark und ECU.
Problémy konštituovania európskej menovej únie po Maastrichte. Otázka európskej centrálnej banky. Politická a ekonomická únia. Úloha európskej menovej jednotky ECU pri formovaní menovej únie. Možnosti riešenia menovej únie ponechaním národných mien a ich pretvorením na Euro DM a iné euromeny.
Salvato in:
| Autore principale: | |
|---|---|
| Natura: | Capitolo di libro |
| Lingua: | tedesco |
| Soggetti: | |
| Tags: |
Nessun Tag, puoi essere il primo ad aggiungerne!!
|
MARC
| LEADER | 00000naa a2200000 4500 | ||
|---|---|---|---|
| 001 | r009152 | ||
| 005 | 20221208123435.4 | ||
| 041 | 0 | |a ger | |
| 044 | |a DE | ||
| 245 | 1 | 0 | |a Euro D-Mark und ECU. |c H. Kohlhoff |
| 520 | |a Problémy konštituovania európskej menovej únie po Maastrichte. Otázka európskej centrálnej banky. Politická a ekonomická únia. Úloha európskej menovej jednotky ECU pri formovaní menovej únie. Možnosti riešenia menovej únie ponechaním národných mien a ich pretvorením na Euro DM a iné euromeny. | ||
| 610 | 2 | 0 | |a únie menové |
| 610 | 2 | 0 | |a Európa |
| 610 | 2 | 0 | |a ECU |
| 610 | 2 | 0 | |a banky medzinárodné |
| 610 | 2 | 0 | |a euromena |
| 610 | 2 | 0 | |a Euro D-Mark |
| 610 | 2 | 0 | |a banky emisné |
| 100 | 1 | |a Kohlhoff, H. | |